000 00453nam a22001697a 4500
005 20230130151525.0
008 230128b |||||||| |||| 00| 0 eng d
041 _aeng
082 _a615.1 FLO-A
100 _aFLORENCE, AIEXANDER T. AND SIEPMANN ,JUERGEN
_97499
245 _aMODERN PHARMACUTICS: APPLICATION AND ADVANCES VOL-2
250 _a5th ed.
260 _bCRS PRESS
300 _a537,P.
650 _aPHARMACY
_xB.PHARMA
_97083
942 _cBK
999 _c8223
_d8221